All Frontier Airlines Destinations (2025) - Statistics

General Stats
  • This quiz has been taken 207 times
    59 since last reset
  • The average score is 74 of 102
Answer Stats
Hint Answer % Correct
Costa Rica San Jose
98%
Illinois Chicago (Midway)
93%
Illinois Chicago (O'Hare)
93%
Colorado Denver
93%
New York New York (LGA)
93%
Arizona Phoenix
93%
California San Francisco
93%
Massachusetts Boston
90%
Nevada Las Vegas
90%
California Los Angeles
90%
Pennsylvania Philadelphia
90%
Maine | Oregon Portland
90%
California San Diego
90%
Florida Tampa
90%
Texas Austin
88%
Maryland Baltimore (BWI)
88%
Mexico Cancun
88%
Ohio Cleveland
88%
Texas Dallas (DFW)
88%
Michigan Detroit
88%
Texas Houston (IAH)
88%
Florida Miami
88%
New Jersey Newark
88%
Louisiana New Orleans
88%
Florida Orlando
88%
Utah Salt Lake City
88%
Washington Seattle / Tacoma
88%
Indiana Indianapolis
86%
Minnesota Minneapolis
86%
California Sacramento
86%
Texas San Antonio
86%
Puerto Rico San Juan
86%
Antigua Antigua
83%
Georgia Atlanta
83%
North Carolina Charlotte
83%
Ohio Cincinnati
83%
Guatemala Guatemala City
83%
Tennessee Memphis
83%
Tennessee Nashville
83%
North Carolina Raleigh / Durham
83%
El Salvador San Salvador
83%
New York Buffalo
81%
South Carolina Charleston
81%
Texas El Paso
81%
Arkansas Little Rock
81%
Pennslyvania Pittsburgh
81%
Arizona Tucson
81%
Ohio Columbus
79%
Connecticut Hartford
79%
Florida Jacksonville
79%
Missouri Kansas City
79%
Wisconsin Milwaukee
79%
Dominican Republic Santo Domingo
79%
Missouri St. Louis
79%
Virginia Washington (Reagan)
79%
Oklahoma Oklahoma City
76%
Nevada Reno
76%
Iowa Des Moines
74%
Florida Fort Lauderdale
74%
New York Syracuse
74%
Jamaica Montego Bay
71%
Nebraska Omaha
71%
Dominican Republic Punta Cana
71%
Virginia Norfolk
69%
Michigan Grand Rapids
67%
Wisconsin Madison
67%
Georgia Savannah
67%
South Dakota Sioux Falls
67%
Washington Spokane
67%
New Jersey Trenton
67%
Netherlands Aruba
64%
North Dakota Fargo
64%
Florida Fort Myers
64%
Wisconsin Green Bay
64%
New York New York (JFK)
62%
Pennsylvania Harrisburg
60%
Tennessee Knoxville
60%
South Carolina Myrtle Beach
60%
Mexico San Jose del Cabo
60%
Iowa Cedar Rapids
57%
Florida Sarasota / Bradenton
57%
California Burbank
52%
Florida West Palm Beach
52%
Mexico Puerto Vallarta
50%
Netherlands Sint Maarten
50%
Virginia Washington (Dulles)
48%
Arkansas Fayetteville
45%
California Ontario
45%
California Palm Springs
45%
Florida Pensacola
45%
U.S. Virgin Islands Saint Thomas
45%
Honduras San Pedro Sula
45%
California Santa Ana
45%
Washington Everett
43%
New York Islip
33%
Dominican Republic Puerto Plata
33%
Puerto Rico Ponce
31%
U.S. Virgin Islands Saint Croix
31%
Puerto Rico Aguadilla
21%
Dominican Republic Santiago de los Caballeros
17%
No matching quizzes found
Score Distribution
Percent of People with Each Score
Percentile by Number Answered
Your Score History
You have not taken this quiz since the last reset